La ingenieria y las ciencias naturales

Sobre la ingeniera̕ y las ciencias naturales, desde el termino, la legislacin̤ y la academia

Đã lưu trong:
Chi tiết về thư mục
Tác giả khác: Universidad Pedagg̤ica y Tecnolg̤ica de Colombia - UPTC
Định dạng: Sách
Ngôn ngữ:Tiếng Tây Ban Nha
Những chủ đề:
Truy cập trực tuyến:La ingenieria y las ciencias naturales
Các nhãn: Thêm thẻ
Không có thẻ, Là người đầu tiên thẻ bản ghi này!

MARC

LEADER 00000nam a22000004a 4500
001 vpro24132
005 20201223000000.0
008 201115s2020 ck # g## #001 0#spa#d
020 |a 2357-5328 (Versin̤ electrn̤ica); 0121-1129 (Versin̤ impresa) 
022
040 |a CO-BoINGC 
041 0 |a spa 
245 1 0 |a La ingenieria y las ciencias naturales 
246 |a Engineering and natural sciences 
264 |a Bogot ̀(Colombia) :  |b Revista VirtualPRO,  |c 2020 
520 3 |a Sobre la ingeniera̕ y las ciencias naturales, desde el termino, la legislacin̤ y la academia 
650 \ \ |a Ingeniera̕ civil 
650 \ \ |a Ciencias naturales 
650 \ \ |a Civil engineering 
650 \ \ |a Natural science 
650 \ \ |a Ingeniera̕; Ciencias naturales; Editorial 
650 \ \ |a Engineering; Natural Sciences; Editorial  
700 \ \ |a Universidad Pedagg̤ica y Tecnolg̤ica de Colombia - UPTC 
856 |z La ingenieria y las ciencias naturales  |u https://virtualpro.unach.elogim.com/biblioteca/la-ingenieria-y-las-ciencias-naturales